Romance of the Three Kingdoms Quiz#1 - Statistics

General Stats
  • This quiz has been taken 91 times
  • The average score is 9 of 15
Answer Stats
Question Answer % Correct
Who is the "The Dragon Sleeper"? Zhuge Liang
93%
Who seized power from the Cao clan? Sima Yi
89%
Who is the God of Loyalty? Guan Yu
85%
Who is the Tiger of Jiangdong? Sun Jian
78%
Who is the most achievement general in the Battle of Changban? Zhao Yun
78%
What was the capital of the Shu Kingdom? Cheng Du
70%
What was the Battle between Cao Cao vs Liu Bei? The Battle of Hanzhong
63%
Who won in the Battle of Red Cliff? Zhou Yu
63%
Who write a military strategy book called the "New Book of Mengde"? Cao Cao
59%
Who is the Flying General? Lu Bu
59%
When Zhuge liang appointed to the strategy military under Liu Bei? 27 years old
52%
What does mean of the name "Zilong"? The Little Dragon
52%
When Cao Cao appointed for the Imperial Chanchellor? AD 208
44%
What was the Posthumous name of Liu Bei? Emperor Zhaolie
26%
Who was the second Imperial Chancellor of the Wu Kingdom? Gu Yong
19%
No matching quizzes found
Score Distribution
Percent of People with Each Score
Percentile by Number Answered
Your Score History
You have not taken this quiz